01839cam a22004217a 4500003000500000005001700005008004100022010001000063011001000073035001000083040000900093090001000102100003700112245021400149260004100363300001000404502010900414590003700523590004100560590004100601590004100642590004100683590004100724590004200765650004200807650003600849650003400885650003900919650003900958901000700997905002301004942000901027949005501036949004201091999001701133952014001150952012701290CHAP20220329142352.0001006d2000 mx r 00110 spa d a82477 a83449 a93962 cCHAP aTesis00aGómez Gómez, Armando.94972810aControl biológico de la mosquita blanca (Trialeurodes vaporariorum West.) en tomate (Lycopersicon esculentum Mill.) para condiciones de invernadero, en Chapingo, Méx. Méxicoc/por Armando Gómez Gómez aChapingo, Méx. :bEl autor,c2000. a63 h. aTesis (Ing. Agr. Esp. en Parasitología Agrícola) -- UACH. Departamento de Parasitología Agrícola aALEPHb10c20130110lUCH01h1438 aBATCH-UPDb10c20130110lUCH01h0253 aBATCH-UPDb10c20130110lUCH01h1118 aBATCH-UPDb10c20130409lUCH01h2324 aBATCH-UPDb10c20130410lUCH01h1344 aBATCH-UPDb10c20130914lUCH01h1047 aCONVERSIONb10c20130109lUCH01h134614aControl biológico de plagas.92758714aCultivos en invernadero.93037614aTomate verdexPlagas.911382714aTomate verdexRendimiento.911383414aTrialeurodes vaporariorum.9114900 aBK aLilia Sánchez G. cFOLL bBCcTESd33724000807137eTS2fc.2h37108i93962si bBCcTESd939621eTS1h37107i93962sb c82477d82477 00102local4053708TESISaBCbBCcPA_TESISd2019-12-31fTESISl0oTesisp33724000807137r2019-12-31 00:00:00tc.2w2019-12-31yTESIS 00102local4051708TESISaBCbBCcPA_TESISd2019-12-31fTESISl0oTesisp939621r2019-12-31 00:00:00w2019-12-31yTESIS